Gli occhi eroici : Sibilla Aleramo, Eleonora Duse, Cordula Poletti : una storia d'amore nell'Italia della belle époque /

Guardat en:
Dades bibliogràfiques
Autor principal: Cenni, Alessandra (Autor)
Format: Llibre
Idioma:italià
Publicat: Milano : Mursia, 2011
Col·lecció:Storia, biografie, diari. Carteggi e diari
Matèries:
Etiquetes: Afegir etiqueta
Sense etiquetes, Sigues el primer a etiquetar aquest registre!

MARC

LEADER 00000nam a2200000 i 4500
001 IT\ICCU\PAL\0235063
003 ItRI
005 20260115232102.0
008 110628s2011 it |||||| ||||| |||||c
015 |2 IT  |a 2011-7129 
020 |a 9788842546771 
040 |b ita  |c importazione bologna sebina 
041 7 |a ita  |2 ISO-639-2 
100 1 |a Cenni, Alessandra  |0 IT\ICCU\CFIV\031274  |4 aut 
245 1 4 |a Gli occhi eroici :  |b Sibilla Aleramo, Eleonora Duse, Cordula Poletti : una storia d'amore nell'Italia della belle époque /  |c Alessandra Cenni. 
260 |a Milano :  |b Mursia,  |c 2011 
300 |a 247 p. ;  |c 21 cm 
650 7 |a Aleramo, Sibilla  |x Rapporti [con] Poletti, Cordula  |2 nsbncf 
650 7 |a Duse, Eleonora  |x Rapporti [con] Poletti, Cordula  |2 nsbncf 
830 0 |a Storia, biografie, diari. Carteggi e diari  |0 IT\ICCU\VIA\0163591 
942 |2 ddc  |c BK  |n 0 
952 |0 0  |1 0  |4 0  |6 L_853_912000000000000_CEN  |7 0  |9 19758  |a BO  |b BO  |d 2026-01-15  |i 15650  |l 0  |o L 853.912 CEN  |p BO15650  |r 2026-01-15 23:21:02  |w 2026-01-15  |x [Sebina 5] [1 v.]  |y BK  |z 1 v. 
999 |c 16849  |d 16849